La lectura en la escuela
Uloženo v:
| Hlavní autor: | |
|---|---|
| Médium: | Kniha |
| Jazyk: | španělština |
| Vydáno: |
Buenos Aires
Kapelusz
1983
|
| Edice: | Biblioteca de cultura pedagógica, serie didáctica
|
| Témata: | |
| Tagy: |
Přidat tag
Žádné tagy, Buďte první, kdo vytvoří štítek k tomuto záznamu!
|
MARC
| LEADER | 00000nam a2200000 a 4500 | ||
|---|---|---|---|
| 001 | UCW3929 | ||
| 003 | CL-VaPUC | ||
| 008 | 890607e19830000AG |||||||||||||||||spa|d | ||
| 082 | 0 | 4 | |a 372.4 |b BRA |2 21 |
| 100 | 0 | |a Braslavsky, Berta P. de |e author |9 308363 | |
| 245 | 1 | 3 | |a La lectura en la escuela |
| 300 | |a 111 p | ||
| 942 | |c BK | ||
| 945 | |d 19890607 00:00:00 | ||
| 260 | |a Buenos Aires |b Kapelusz |c 1983 | ||
| 650 | 0 | |a Lectura |9 307634 | |
| 650 | 0 | |a Enseñanza de la lectura |9 308364 | |
| 650 | 0 | |a Educación básica |9 224933 | |
| 583 | |a last modification |c 20170828 01:12:25 |k Rodrigo Vera | ||
| 490 | 0 | |a Biblioteca de cultura pedagógica, serie didáctica | |
| 999 | |c 217781 |d 217779 | ||
| 952 | |0 0 |1 0 |4 0 |6 372_400000000000000_BRA_1983 |7 0 |8 A |9 206204 |a BIBEDU |b BIBEDU |c ES_NOD |d 2019-11-15 |i 2739836 |o 372.4 BRA 1983 |p 2739836 |r 2023-08-09 |w 2019-11-15 |y BK |k EDU | ||
| 952 | |0 0 |1 0 |4 0 |6 372_400000000000000_BRA_1983 |7 0 |8 A |9 206205 |a BIBEDU |b BIBEDU |c ES_NOD |d 2019-11-15 |i 2739844 |o 372.4 BRA 1983 |p 2739844 |r 2023-08-09 |w 2019-11-15 |y BK |k EDU | ||
| 952 | |0 0 |1 0 |4 0 |6 372_400000000000000_BRA_1983 |7 0 |8 A |9 206206 |a BIBEDU |b BIBEDU |c ES_NOD |d 2019-11-15 |i 2739852 |o 372.4 BRA 1983 |p 2739852 |r 2023-08-09 |w 2019-11-15 |y BK |k EDU | ||